| 000 | 00408nam a2200169Ia 4500 | ||
|---|---|---|---|
| 003 | GCL | ||
| 008 | 140319s9999 xx 000 0 eng d | ||
| 040 |
_aGCL / _cGCL |
||
| 082 | 0 | 4 |
_a954.025 _bP H |
| 100 | 1 | _aPAUL, JEAN | |
| 245 | 1 | 0 |
_aHISTOIRE DES GRANDS MOGHOLS BABUR / _cPAUL, JEAN |
| 260 |
_a[S.N] : _bFAYARD ، _c1986 |
||
| 300 | _a422 P | ||
| 650 | 0 | 4 | _aHISTORY |
| 650 | 0 | 4 | _aBABUR |
| 942 |
_2ddc _cBK |
||
| 999 |
_c23434 _d23434 |
||